| 000 | 01167cam a22003377a 4500 | ||
|---|---|---|---|
| 003 | CHAP | ||
| 005 | 20220817042847.0 | ||
| 008 | 971013s1992 r 00010 d | ||
| 010 | _a57997 | ||
| 011 | _a58969 | ||
| 035 | _a63126 | ||
| 040 | _cCHAP | ||
| 082 |
_a323.354 _bF32 |
||
| 110 | _aFAO | ||
| 245 | 0 |
_aMujeres campesinas en América Latina _b: desarrollo rural, acceso a la tierra, migraciones y legislación |
|
| 260 |
_aRoma : _bFAO, _c1992 |
||
| 300 | _a319 p. | ||
| 590 |
_aBATCH-UPD _b10 _c20130110 _lUCH01 _h0102 |
||
| 590 |
_aBATCH-UPD _b10 _c20130110 _lUCH01 _h1942 |
||
| 590 |
_aBATCH-UPD _b10 _c20130409 _lUCH01 _h2052 |
||
| 590 |
_aBATCH-UPD _b10 _c20130410 _lUCH01 _h1305 |
||
| 590 |
_aBATCH-UPD _b10 _c20130914 _lUCH01 _h1146 |
||
| 590 |
_aCONVERSION _b10 _c20130109 _lUCH01 _h1331 |
||
| 650 | 1 | 4 |
_aDesarrollo de la comunidad rural _xAmérica Latina. _931997 |
| 650 | 1 | 4 |
_aEmigración e inmigración. _936517 |
| 650 | 1 | 4 |
_aMujer en comunidades rurales _xAmérica Latina. _979362 |
| 650 | 1 | 4 |
_aMujer _xSituación social _xAmérica Latina. _979330 |
| 901 | _aBK | ||
| 942 | _cLIBRO | ||
| 949 |
_a323.354 F32 _bBC _cFAO _d33724000396446 _eFAO1 _h89885 _i63126 _si |
||
| 999 |
_c57997 _d57997 |
||